Inventari de l'Arxiu Històric de Protocols de Barcelona / per Lluïsa Cases i Loscos
ISBN:
978-84-7935-849-5
Descripción Física:
24 cm
Otros Autores:
Fundació Noguera
MARC
| LEADER | 00000nam a2200000Ia 4500 | ||
|---|---|---|---|
| 001 | 22742, 22743 | ||
| 008 | 160829s2009 - xx 000 0 cat d | ||
| 020 | |a 978-84-7935-849-5 (o.c.), 978-84-9779-867-9 (v.5), 978-84-9779-870-9 (v.6) | ||
| 080 | |a A-2-396, A-2-39 | ||
| 100 | |a Cases i Loscos, Lluïsa |9 26660 | ||
| 245 | |a Inventari de l'Arxiu Històric de Protocols de Barcelona / per Lluïsa Cases i Loscos | ||
| 260 | |a Barcelona : |b Fundació Noguera ; Lleida : |b Pagès, |c 2009 - | ||
| 300 | |a 24 cm | ||
| 490 | |a Inventaris d'arxius notarials de Catalunya ; 31, 32 | ||
| 590 | |a Referències bibliogràfiques. | ||
| 590 | |a Índexs | ||
| 650 | |a Arxiu Històric de Protocols de Barcelona |x Catàlegs |9 39772 | ||
| 650 | |a Notaris |x Barcelona |x Arxius |x Catàlegs |9 39773 | ||
| 650 | |a Documents públics |x Barcelona |x S. XIII/XX |x Catàlegs |9 39774 | ||
| 700 | |a Fundació Noguera |9 70407 | ||
| 866 | |a 2009 (5 S. XVIII, 6 S. XVIII) | ||
| 901 | |a Arxiu | ||
| 942 | |n 1 | ||
| 952 | |0 0 |1 0 |4 0 |6 A2396_A239 |7 1 |9 52644 |a Arxiu |b Arxiu |d 2016-12-01 |l 0 |o A-2-396, A-2-39 |p 22742, 22743 |r 2016-12-01 00:00:00 |w 2016-12-01 |y ARXIU | ||
| 999 | |c 56493 |d 56493 | ||